00530pam a2200157 4500020001500000082002800015100002600043245004700069260004900116300003100165526003700196650001300233942001200246999001900258952009500277 a023103625600a954.91bJAHcL-28, P-941 aJahan, Rounaq.94638710aPakistan: failure in national integration. aNew York,bColumbia University Pressc[1972] aix, 248 p.billus.c23 cm. a0b0c0d954_910000000000000_JAH aMCE9379 2ddccBK c549733d549733 00102ddc4070aMCEbMCEd2014-10-13l0o954.91 JAHpMCE-5209r2014-10-13w2021-03-14yBK